| 000 | 00432nam a2200169Ia 4500 | ||
|---|---|---|---|
| 005 | 20240521045802.0 | ||
| 008 | 240331s9999 xx 000 0 und d | ||
| 020 | _a905383270x | ||
| 082 |
_bRUT _a338 |
||
| 100 | _aRutten, Mario | ||
| 245 | 0 |
_aAsian capitalists in the European mirror _cMario, Ruttan |
|
| 260 |
_aAmsterdam _bVU University Press _c1994 |
||
| 300 | _a65 p ., | ||
| 650 | _aSocial | ||
| 650 | _aHistory | ||
| 942 | _cL | ||
| 999 |
_c2760 _d2760 |
||